Sabrina Carpenter - Chansons de l'album EVOLution - Statistiques

Statistiques générales
  • Ce quiz a été pris 19 fois
  • Le résultat moyen est 8 sur 10
Statistiques - réponses
Hint Réponse % Correct
EVOLution2 10 All We Have is Love
100%
EVOLution 1 On Purpose
100%
EVOLution 5 Run and Hide
100%
EVOLution2 6 Mirage
92%
EVOLution2 8 Shadows
92%
EVOLution 3 Thumbs
92%
EVOLution 2 Feels Like Loneliness
85%
EVOLution 4 No Words
77%
EVOLution2 9 Space
77%
EVOLution2 7 Don't Wake It Back
8%
Aucun quiz correspondant
Distribution des résultats
% des personnes avec chaque résultat
Percentile par nombre de réponses
Votre historique - résultats
Vous n’avez pas pris ce quiz